000 00701nam a2200289Ia 4500
005 20260324144556.0
008 008 260324s9999 xx 000 0 eng d
020 _a9781315642888
037 _aEBOOK
040 _aCRL
040 _beng
040 _cCRL
041 _2eng
041 _aeng
084 _qCRL
100 _aJames P. Hawley
_91219836
245 0 _aDollars and Borders
245 0 _bU.S. Governemnt Attempts to Restrict Capital Flows, 1960-1980
260 _bTaylor and Francis
260 _c1987
365 _a
365 _b230
856 _uhttp://www.taylorfrancis.com/books/9781315642888
942 _cEBOOK
999 _c1826608
_d1826608